Zásady výberu matiek býkov slovenského strakatého plemena

Bibliographic Details
Main Authors: Strapák, Peter, 1965- (Author), Ryba, Štefan (Author)
Format: Article
Language:Slovak
PhysicalDescription:Fotogr. 1, tab. 2
ISSN:1335-1990
Subjects:

MARC

LEADER 00000nab a2200000 a 4500
001 vtls000639927
003 SK-MaSNL
005 20260304094851.0
008 250425c1997 xo 0 slo
015 |a SNBRB19rr/mm-uuuuu 
035 |a CL0640066 
035 |a (urnnbn)urn:nbn:sk:snk:ar-006o4x 
035 |a (uuid)823871b0-2d3d-416a-b9aa-27c57b381a43 
035 |a urn:nbn:sk:snk-ab86yh 
040 |a SNKBUCL  |b slo  |c SNKBUCL  |e AACR2 
041 0 |a slo 
044 |a xo  |c SK 
080 |a 636.2.054:636.082.24  |2 1981 
080 |a 636.082.24  |2 1981 
100 1 |a Strapák, Peter,  |d 1965-  |4 aut  |9 222539 
245 1 0 |a Zásady výberu matiek býkov slovenského strakatého plemena  |c Peter Strapák, Štefan Ryba 
300 |b Fotogr. 1, tab. 2 
650 0 7 |a býky  |2 snkbucl  |9 926179 
655 7 |a články z novín a časopisov  |2 snkbucl  |9 267496 
700 1 |a Ryba, Štefan  |4 aut  |9 544267 
773 0 |t Slovenský chov  |g Roč. 2, č. 10 (1997), s. 18-19  |x 1335-1990 
850 |a Slovenská národná knižnica 
852 |a Slovenská národná knižnica 
954 |a odborná, vedecká literatúra pôvodná (slovenská)  |2 lita 
958 |a article9 
958 |a OND 
958 |a RK 
958 |a EUIPO 
999 |c 2829364  |d 2831294